| 000 -LEADER |
| fixed length control field |
00825nam a22001577a 4500 |
| 003 - CONTROL NUMBER IDENTIFIER |
| control field |
LRUA |
| 005 - DATE AND TIME OF LATEST TRANSACTION |
| control field |
20210917111515.0 |
| 008 - FIXED-LENGTH DATA ELEMENTS--GENERAL INFORMATION |
| fixed length control field |
210917b xxu||||| |||| 00| 0 eng d |
| 040 ## - CATALOGING SOURCE |
| Transcribing agency |
rua |
| 082 ## - DEWEY DECIMAL CLASSIFICATION NUMBER |
| Classification number |
VEM SOT 2015 B434 Or. |
| 100 ## - MAIN ENTRY--PERSONAL NAME |
| 9 (RLIN) |
14677 |
| Personal name |
SOTH VICHHEKA, សុត វិច្ឆិកា |
| 245 ## - TITLE STATEMENT |
| Title |
Effect of antibiotice on diarrhea of suckling pigllet at sre chesa khang cheung commune dong tung district kompot province, ប្រសិទ្ធភាពនៃអង់ទីប៊ីយ៉ូទិចចំពោះជំងឺរាកលឿងកូនជ្រូកកំឡុងពេលបៅដោះនៅឃុំស្រែជាខាងជើង ស្រុកដងទង់ ខេត្តកំពត |
| 260 ## - PUBLICATION, DISTRIBUTION, ETC. (IMPRINT) |
| Place of publication, distribution, etc. |
PHNOM PENH |
| Name of publisher, distributor, etc. |
PENH |
| Date of publication, distribution, etc. |
2015 |
| 300 ## - PHYSICAL DESCRIPTION |
| Extent |
ix; 36p. |
| Other physical details |
ill |
| Dimensions |
29cm |
| 942 ## - ADDED ENTRY ELEMENTS (KOHA) |
| Source of classification or shelving scheme |
|
| Koha item type |
VEM |